Homo worden, homo zijn : een onderzoek naar de vormgeving van eenhomoseksuele identiteit bij jongens /

Đã lưu trong:
Chi tiết về thư mục
Tác giả chính: Steenderen, Bert : van (Tác giả)
Định dạng: Sách
Ngôn ngữ:Tiếng Hà Lan
Được phát hành: Utrecht : Interfacultaire Werkgroep Homostudies, Rijksuniversiteit Utrecht, 1987
Loạt:Publikatiereeks Homostudies Utrecht. ; 9
Các nhãn: Thêm thẻ
Không có thẻ, Là người đầu tiên thẻ bản ghi này!

MARC

LEADER 00000nam a22000007i 4500
001 IT\ICCU\UBO\3642061
003 ItRI
005 20260115231958.0
008 090528s1987 ne |||||| ||||| |||||c
020 |a 9068390104 
040 |b ita  |c importazione bologna sebina 
041 7 |a dut  |2 ISO-639-2 
100 1 |a Steenderen, Bert : van  |0 IT\ICCU\UBOV\339763  |4 aut 
245 1 0 |a Homo worden, homo zijn :  |b een onderzoek naar de vormgeving van eenhomoseksuele identiteit bij jongens /  |c B. van Steenderen. 
260 |a Utrecht :  |b Interfacultaire Werkgroep Homostudies, Rijksuniversiteit Utrecht,  |c 1987 
300 |a 198 p. :  |b ill. ;  |c 25 cm. 
830 0 |a Publikatiereeks Homostudies Utrecht. ;  |v 9  |0 IT\ICCU\UBO\3452925 
942 |2 ddc  |c BK  |n 0 
952 |0 0  |1 0  |4 0  |6 DOC_306_766000000000000_VAN  |7 0  |9 18389  |a BO  |b BO  |d 2026-01-15  |i 2337  |l 0  |o DOC 306.766 VAN  |p BO2337  |r 2026-01-15 23:19:58  |w 2026-01-15  |x [Sebina 5] [1 v.]  |y BK  |z 1 v. 
999 |c 15565  |d 15565